Human evolution and culture : (Record no. 355)
[ view plain ]
| 000 -LEADER | |
|---|---|
| fixed length control field | 01523cam a2200373 a 4500 |
| 003 - CONTROL NUMBER IDENTIFIER | |
| control field | ALUPE UNIVERSITY |
| 005 - DATE AND TIME OF LATEST TRANSACTION | |
| control field | 20210611131508.0 |
| 008 - FIXED-LENGTH DATA ELEMENTS--GENERAL INFORMATION | |
| fixed length control field | 080208s2009 njua b 001 0 eng |
| 020 ## - INTERNATIONAL STANDARD BOOK NUMBER | |
| International Standard Book Number | 9780136036357 |
| 020 ## - INTERNATIONAL STANDARD BOOK NUMBER | |
| International Standard Book Number | 013603635X |
| 040 ## - CATALOGING SOURCE | |
| Transcribing agency | DLC |
| 050 00 - LIBRARY OF CONGRESS CALL NUMBER | |
| Classification number | GN25 |
| Item number | .E46 2009 |
| 100 1# - MAIN ENTRY--PERSONAL NAME | |
| Personal name | Ember, Carol R. |
| 245 10 - TITLE STATEMENT | |
| Title | Human evolution and culture : |
| Remainder of title | highlights of Anthropology / |
| Statement of responsibility, etc. | Carol R. Ember, Melvin Ember, Peter N. Peregrine. |
| 250 ## - EDITION STATEMENT | |
| Edition statement | 6th ed. |
| 260 ## - PUBLICATION, DISTRIBUTION, ETC. | |
| Place of publication, distribution, etc. | Upper Saddle River, N.J. : |
| Name of publisher, distributor, etc. | Pearson/Prentice Hall, |
| Date of publication, distribution, etc. | c2009. |
| 300 ## - PHYSICAL DESCRIPTION | |
| Extent | xviii, 510 p. : |
| Other physical details | ill. (some col.) ; |
| Dimensions | 23 cm. |
| 500 ## - GENERAL NOTE | |
| General note | Rev. ed. of: Anthropology : a brief introduction / Carol R. Ember, Melvin Ember. 5th ed. |
| 500 ## - GENERAL NOTE | |
| General note | "This book presents the highlights of our Anthropology, 12th ed."--Pref. |
| 504 ## - BIBLIOGRAPHY, ETC. NOTE | |
| Bibliography, etc. note | Includes bibliographical references (p. 479-500) and index. |
| 650 #0 - SUBJECT ADDED ENTRY--TOPICAL TERM | |
| Topical term or geographic name entry element | Anthropology. |
| 700 1# - ADDED ENTRY--PERSONAL NAME | |
| Personal name | Ember, Melvin. |
| 700 1# - ADDED ENTRY--PERSONAL NAME | |
| Personal name | Peregrine, Peter N. |
| Fuller form of name | (Peter Neal), |
| Dates associated with a name | 1963- |
| 700 1# - ADDED ENTRY--PERSONAL NAME | |
| Personal name | Ember, Carol R. |
| Title of a work | Anthropology. |
| 856 41 - ELECTRONIC LOCATION AND ACCESS | |
| Uniform Resource Identifier | http://www.loc.gov/catdir/toc/ecip0811/2008005965.html |
| 906 ## - LOCAL DATA ELEMENT F, LDF (RLIN) | |
| a | 7 |
| b | cbc |
| c | orignew |
| d | 1 |
| e | ecip |
| f | 20 |
| g | y-gencatlg |
| 942 ## - ADDED ENTRY ELEMENTS (KOHA) | |
| Source of classification or shelving scheme | |
| Koha item type | Book |
| Suppress in OPAC | DO |
| Withdrawn status | Lost status | Source of classification or shelving scheme | Damaged status | Not for loan | Permanent Location | Current Location | Shelving location | Date acquired | Total Checkouts | Full call number | Barcode | Date last seen | Price effective from | Koha item type | Public note |
|---|---|---|---|---|---|---|---|---|---|---|---|---|---|---|---|
| AU LIBRARY | AU LIBRARY | Open Shelf | 11.06.2021 | GN25 .E46 2009 | 28000970 | 11.06.2021 | 11.06.2021 | Book | DO |